MHA- Noms de code des personnages - Statistiques

Statistiques générales
  • Ce quiz a été pris 52 fois
  • Le résultat moyen est 11 sur 30
Statistiques - réponses
Nom de code Vrai nom % Correct
Deku Izuku Midoriya
93%
Uravity Ochaco Uraraka
78%
Shoto Shoto Todoroki
68%
Great god bomberkill dynamite Katsuki Bakugo
63%
Le Million Mirio Togata
59%
Charge éclair Denki Kaminari
51%
Eraser Head Shota Aizawa
51%
Red riot Eijiro Kirishima
49%
Creaty Momo Yaoyorozu
49%
Pinky Mina Ashido
46%
Earphone Jack Kyoka Jiro
41%
Cellophane Hanta Sero
39%
Endeavor Enji Todoroki
37%
Grape Juice Minoru Mineta
37%
Ingenium Tenya Iida
37%
Tomura Shigaraki Tenko Shimura
34%
All Might Toshinori Yagi
34%
Crématorium Toya Todoroki
34%
Tsukuyomi Fumikage Tokoyami
29%
Invisible girl Toru Hagakure
29%
Hawks Keigo Takami
22%
Tailman Mashirao Ojiro
17%
Sugarman Rikido Sato
17%
Anima Koji Koda
15%
Tentapoulpe Mezo Shoji
15%
Phantom Thief Neito Monoma
15%
Sun Eater Tamaki Amajiki
15%
Twice Jin Bubaigawara
12%
Present Mic Hizashi Yamada
7%
Froppy Tzuyu Asui
7%
Aucun quiz correspondant
Distribution des résultats
% des personnes avec chaque résultat
Percentile par nombre de réponses
Votre historique - résultats
Vous n’avez pas pris ce quiz